|
|
|
|
| LEADER |
02441nam a2200637 i 4500 |
| 001 |
nkc20253667148 |
| 003 |
CZ PrNK |
| 005 |
20250527130639.0 |
| 007 |
ta |
| 008 |
250120s2024 xr ac c f 000 0dcze |
| 015 |
|
|
|a cnb003667148
|
| 020 |
|
|
|a 978-80-908320-7-7
|q (brožováno)
|
| 035 |
|
|
|a (OCoLC)1498298952
|
| 040 |
|
|
|a ABA001
|b cze
|e rda
|
| 045 |
|
|
|a x2x2
|
| 072 |
|
7 |
|a 821.112.2.09
|x Německá literatura, německy psaná (o ní)
|2 Konspekt
|9 11
|
| 072 |
|
7 |
|a 0/9-053.2
|x Literatura pro děti a mládež (naučná)
|2 Konspekt
|9 26
|
| 080 |
|
|
|a 821.112.2(437.3)-31
|2 MRF
|
| 080 |
|
|
|a 82.07
|2 MRF
|
| 080 |
|
|
|a (0.062)
|2 MRF
|
| 080 |
|
|
|a (084.053.2)
|2 MRF
|
| 080 |
|
|
|a (0.053.2)
|2 MRF
|
| 100 |
1 |
|
|a Suchomelová, Eva,
|d 1974-
|7 jo20211101865
|4 aut
|
| 245 |
1 |
0 |
|a Zámek - Franz Kafka /
|c Eva Suchomelová a Jakub Dušek
|
| 250 |
|
|
|a Vydání první
|
| 264 |
|
1 |
|a [Vysoké nad Jizerou] :
|b Blanka Kučerová - vydavatelství OBLAK,
|c 2024
|
| 300 |
|
|
|a 11 stran :
|b ilustrace, portréty ;
|c 30 cm
|
| 336 |
|
|
|a text
|b txt
|2 rdacontent
|
| 336 |
|
|
|a statický obraz
|b sti
|2 rdacontent
|
| 337 |
|
|
|a bez média
|b n
|2 rdamedia
|
| 338 |
|
|
|a svazek
|b nc
|2 rdacarrier
|
| 490 |
1 |
|
|a Omalovánkový čtenářský deník
|
| 500 |
|
|
|a "Texty: Eva Suchomelová, kresby: Jakub Dušek"--Tiráž
|
| 500 |
|
|
|a Název z obálky
|
| 600 |
1 |
7 |
|a Kafka, Franz,
|d 1883-1924.
|t Schloss
|7 aun2006373026
|2 czenas
|
| 648 |
|
7 |
|a 20. století
|7 ch460558
|2 czenas
|
| 648 |
|
4 |
|a 1922
|
| 650 |
0 |
7 |
|a pražský německý román
|7 ph171145
|y 20. století
|2 czenas
|
| 650 |
0 |
7 |
|a interpretace a přijetí literárního díla
|7 ph137145
|2 czenas
|
| 650 |
0 |
9 |
|a Prague German fiction
|y 20th century
|2 eczenas
|
| 650 |
0 |
9 |
|a interpretation and reception of literature
|2 eczenas
|
| 655 |
|
7 |
|a populárně-naučné publikace
|7 fd131864
|2 czenas
|
| 655 |
|
7 |
|a omalovánky
|7 fd182999
|2 czenas
|
| 655 |
|
7 |
|a publikace pro děti
|7 fd133156
|2 czenas
|
| 655 |
|
9 |
|a popular works
|2 eczenas
|
| 655 |
|
9 |
|a colouring books
|2 eczenas
|
| 655 |
|
9 |
|a children's literature
|2 eczenas
|
| 700 |
1 |
|
|a Dušek, Jakub,
|d 1982-
|7 osa2017965585
|4 ill
|
| 700 |
1 |
|
|a Kafka, Franz,
|d 1883-1924.
|t Schloss
|7 aun2006373026
|
| 830 |
|
0 |
|a Omalovánkový čtenářský deník
|0 s
|
| 910 |
2 |
|
|a BOA001
|b 4-1545.089
|
| 928 |
9 |
|
|a OBLAK
|
| 990 |
|
|
|a BK
|
| 995 |
|
|
|a 01
|
| 991 |
|
|
|b 202505
|c NOV
|
| 996 |
6 |
|
|b 2611004328
|c 4-1545.089
|l MZK
|r Sklad / do 1 hodiny
|n 0
|p p.v.
|w 002006064
|u 000010
|a 1
|e BOA001
|j MZK50
|s P
|